| 000 | 00397cam a2200169 4500 | ||
|---|---|---|---|
| 001 | D12963 | ||
| 008 | 090401t1933 xxu||||| |||| 00| 0 eng d | ||
| 035 | _a(Sirsi) u6873 | ||
| 041 | _aeng | ||
| 100 | _aHill, H.A. | ||
| 245 | 4 | _aThe complete law of Town and Country Planning | |
| 260 |
_aLondon _bButterworth _c1933 |
||
| 350 | _a0 | ||
| 520 | _aShelf 116 | ||
| 942 | _n0 | ||
| 948 | _c04/03/1997 | ||
| 999 |
_c86362 _d86362 |
||